The revelation of the seven seals by our precious brother William Marrion Branham; book 8. (Record no. 2060)

000 -LEADER
fixed length control field 00582nam a2200169 a 4500
001 - CONTROL NUMBER
control field :::00019021$&:&@@
003 - CONTROL NUMBER IDENTIFIER
control field OkBaRHE
005 - DATE AND TIME OF LATEST TRANSACTION
control field 20100327143354.0
008 - FIXED-LENGTH DATA ELEMENTS--GENERAL INFORMATION
fixed length control field s1967 j 000 0 eng u
040 ## - CATALOGING SOURCE
Transcribing agency
100 1# - MAIN ENTRY--PERSONAL NAME
Personal name Branham, William Marrion (1909-1965)
245 14 - TITLE STATEMENT
Title The revelation of the seven seals by our precious brother William Marrion Branham; book 8.
260 ## - PUBLICATION, DISTRIBUTION, ETC. (IMPRINT)
Place of publication, distribution, etc Tuscon, Arizona
Name of publisher, distributor, etc Spoken Word Publication
Date of publication, distribution, etc 1967
300 ## - PHYSICAL DESCRIPTION
Extent 64 p.
942 ## - ADDED ENTRY ELEMENTS (KOHA)
Source of classification or shelving scheme
Koha item type Books
Copies
Lost status Collection code Shelving location Damaged status Date last seen Withdrawn status Date acquired Full call number Koha item type Permanent Location Copy number Barcode Price effective from Not for loan Source of classification or shelving scheme Current Location
 ReferenceGeneral Stacks 2018-04-03 2010-04-14BS 2825.4 .B7BooksRHEMA Bible Training College1190212010-04-14  RHEMA Bible Training College